Movies Quiz

Random Movies or Star Wars Quiz

Movie Jedi (images) Quiz Stats

 Plays Quiz not verified by Sporcle

Challenge
Share
Tweet
Score 0/20 Timer 05:00
0 Plays Today
Row On-Screen Jedi % Correct
1Yoda
98.3%
4Luke Skywalker
94.4%
4Obi-Wan Kenobi
93.8%
1Mace Windu
89.7%
3Anakin Skywalker
89.6%
2Qui-Gon Jinn
85.6%
1Kit Fisto
66.6%
4Ki Adi Mundi
63.5%
1Plo Koon
62.7%
3Ahsoka Tano
48.6%
Row On-Screen Jedi % Correct
4Aayla Secura
45.8%
3Yaddle
44.7%
2Adi Gallia
27.8%
4Eeth Koth
27.8%
1Jocasta Nu
27.6%
3Barriss Offee
27.3%
2Saesee Tiin
26.2%
2Yarael Poof
22.7%
3Even Piell
22.4%
2Oppo Rancisis
17%

You're not logged in!

Compare scores with friends on all Sporcle quizzes.
OR
Log In

You Might Also Like...

Show Comments

Extras

Top Quizzes Today


Score Distribution

Your Account Isn't Verified!

In order to create a playlist on Sporcle, you need to verify the email address you used during registration. Go to your Sporcle Settings to finish the process.

Report this User

Report this user for behavior that violates our Community Guidelines.

Details: